书目信息 |
| 题名: |
布局
|
|
| 作者: | 何森 著 | |
| 分册: | ||
| 出版信息: | 北京 东方出版社 2016 |
|
| 页数: | 240页 | |
| 开本: | 24cm | |
| 丛书名: | ||
| 单 册: | ||
| 中图分类: | F270-49 | |
| 科图分类: | ||
| 主题词: | 企业管理--Qi Ye Guan Li--通俗读物 | |
| 电子资源: | ||
| ISBN: | 978-7-5060-8940-1 | |
| 000 | 00563nam0 22002171 450 | |
| 001 | 351287 | |
| 005 | 20161011153547.70 | |
| 010 | @a978-7-5060-8940-1@dCNY36.00 | |
| 100 | @a20160321d2016 ekmy0chiy50 ea | |
| 101 | 0 | @achi |
| 102 | @aCN@b110000 | |
| 105 | @ay z 000yy | |
| 106 | @ar | |
| 200 | 1 | @a布局@ABu Ju@f何森著 |
| 210 | @a北京@c东方出版社@d2016 | |
| 215 | @a240页@d24cm | |
| 606 | 0 | @a企业管理@AQi Ye Guan Li@x通俗读物 |
| 690 | @aF270-49@v5 | |
| 701 | 0 | @a何森@AHe Sen@4著 |
| 801 | 0 | @aCN@bTANGWEI@c20160812 |
| 905 | @b0894056-60@dF270-49@e1293@f5 | |
| 布局/何森著.-北京:东方出版社,2016 |
| 240页;24cm |
| ISBN 978-7-5060-8940-1:CNY36.00 |
| ● |
| 相关链接 |
|
|
|
|
正题名:布局
索取号:F270-49/1293
 
预约/预借
| 序号 | 登录号 | 条形码 | 馆藏地/架位号 | 状态 | 备注 |
| 1 | 0894056 | 208940565 | 第一样本阅览室/ [索取号:F270-49/1293] | 在馆 | |
| 2 | 0894057 | 208940574 | 第一借阅区/ [索取号:F270-49/1293] | 在馆 | |
| 3 | 0894058 | 208940583 | 密集书库-海洋学院/ [索取号:F270-49/1293] | 在馆 | |
| 4 | 0894059 | 208940592 | 第一借阅区/ [索取号:F270-49/1293] | 在馆 | |
| 5 | 0894060 | 208940609 | 第一借阅区/ [索取号:F270-49/1293] | 在馆 |